Los amigos de los amigos (Record no. 169104)

MARC details
000 -LEADER
campo de control de longitud fija 00926nam a22002415i 4500
001 - NÚMERO DE CONTROL
campo de control 169104
003 - IDENTIFICADOR DE NÚMERO DE CONTROL
campo de control ES-MaACL
005 - FECHA Y HORA DE LA ÚLTIMA TRANSACCIÓN
campo de control 20250910063127.0
008 - DATOS DE LONGITUD FIJA--INFORMACIÓN GENERAL
campo de control de longitud fija 080813s2007 sp |||| | spa d
017 ## - NÚMERO DE COPYRIGHT O DE DEPÓSITO LEGAL
Número de copyright o de depósito legal M-20.066-2007
020 ## - NÚMERO INTERNACIONAL ESTÁNDAR DEL LIBRO
Número Internacional Estándar del Libro 978-84-9841-097-6
080 ## - NÚMERO DE LA CLASIFICACIÓN DECIMAL UNIVERSAL
Número de la Clasificación Decimal Universal 821.111(73)-32"18"
100 1# - ENTRADA PRINCIPAL--NOMBRE DE PERSONA
Nombre de persona James, Henry,
Fechas asociadas al nombre 1843-1916
9 (RLIN) 242228
245 13 - MENCIÓN DEL TÍTULO
Título Los amigos de los amigos
Resto del título : y otros relatos /
Mención de responsabilidad, etc. Henry James ; edición y traducción del inglés de María Luisa Balseiro.
260 ## - PUBLICACIÓN, DISTRIBUCIÓN, ETC.
Lugar de publicación, distribución, etc. Madrid :
Nombre del editor, distribuidor, etc. Siruela,
Fecha de publicación, distribución, etc. 2007.
300 ## - DESCRIPCIÓN FÍSICA
Extensión 165 p. ;
Dimensiones 22 cm.
490 1# - MENCIÓN DE SERIE
Mención de serie Libros del tiempo ;
Designación de volumen o secuencia 253
505 8# - NOTA DE CONTENIDO CON FORMATO
Nota de contenido con formato Contiene: La vida privada. Owen Wingrave. La humillación de los Northmore. Un texto de Henry James sobre la literatura fantástica.
700 1# - ENTRADA AGREGADA--NOMBRE PERSONAL
Nombre de persona Balseiro, María Luisa.
9 (RLIN) 25113
830 00 - PUNTO DE ACCESO ADICIONAL DE SERIE-TÍTULO UNIFORME
Título uniforme Libros del tiempo (Siruela)
Designación de volumen o secuencia 253
9 (RLIN) 233603
852 4# - LOCALIZACIÓN
Ubicación ES-MaACL
Número de control de estantería L-29526
itemnumber R.143037
Holdings
Estatus retirado Estado de pérdida Estado de daño No para préstamo Biblioteca de origen Biblioteca actual Ubicación en estantería Fecha de adquisición Fuente de adquisición Total de préstamos Signatura topográfica completa Código de barras Visto por última vez Precio de reemplazo Tipo de ítem Koha
        Biblioteca del Ateneo de Madrid Biblioteca del Ateneo de Madrid Depósito 2 13/08/2008     L-29526 1177528 23/02/2023 23/02/2023 Libro impreso